000 01037nam a2200253 a 4500
001 BRCA_4788
005 20190320204815.0
008 111010c1964----ag-af#####---#000-0#spa-#
041 _aspa
044 _aag
050 4 _aND553
_b.P56 85 1964
245 1 0 _aEl Bosco
_cmonografía por Piero Bianconi ; traducción por José Antonio Garay ; el juicio del siglo XX, por Luis Seoane.
260 _aArgentina
_bCodex
_cc1964
300 _a1 v. (sin paginación)
_bil., 16 láminas a color
_c36 cm.
440 0 _aPinacoteca de los genios: la más grandiosa colección de arte del mundo
_v85
_912116
500 _aIncluye índice de ilustraciones, lista de distribuidores, agentes de suscripciones de pinacoteca de los genios y sus respectivos precios de venta al público.
600 1 4 _aEl Bosco
_d1450-1516
_qJeroen Anthoniszoon van Aken
_912117
650 1 4 _aPintura
_92498
650 1 4 _aArte
_912118
700 1 _aBianconi, Piero
_912119
700 1 _aSeoane, Luis
_912053
700 1 _aGaray, José Antonio
_etr.
_912120
942 _2lcc
_cB
999 _c4485
_d4485